| 000 | 00828cam a2200265 a 4500 | ||
|---|---|---|---|
| 008 | |||
| 020 | _a9780521875622 (hardback) | ||
| 040 |
_aNUST _cNUST |
||
| 049 | _aMAIN | ||
| 090 |
_aQA808.2 _bNAI |
||
| 100 | 1 |
_aNair, Sudhakar., _aauthor. |
|
| 245 | 1 | 0 |
_aIntroduction to continuum mechanics / _cSudhakar Nair. |
| 260 |
_aNew York : _bCambridge University Press, _c2009. |
||
| 300 |
_axii, 237 pages : _billustrations ; _c27 cm. |
||
| 336 |
_atext _btxt _2rdacontent |
||
| 337 |
_aunmediated _bn _2rdamedia |
||
| 338 |
_avolume _bnc _2rdacarrier |
||
| 500 | _aIncludes index. | ||
| 504 | _aIncludes bibliographical references. | ||
| 650 | 0 | _aContinuum mechanics. | |
| 907 |
_a.b10306651 _b02-09-21 _c31-01-12 |
||
| 003 | |||
| 005 | 20230123125359.0 | ||
| 942 |
_cBOOKS _kQA808.2 _mNAI |
||
| 999 |
_c140528 _d140528 |
||